00684nam a22001937a 4500999001900000005001700019010001500036020002700051035001400078037001300092082001400105100001600119245003800135260004400173270007900217300002600296942002800322952014000350 c192069d19206920220909165148.0 aENG-135011 a9788175557710c1000.00 aEN-118543 bDBAD/PUB a809.93352 aJain, Seema aWomen and Literature/cSeema Jain aNew DelhibUniversity Publicationc2017 a22/4735, Prakash Deep Building, Ansari Road, Darya GanjbNew Delhie110002 avii, 224p.c23cm(pbk) 2ddccENh809.93352mJAI 001040708NFICaBL4bBL4d2022-09-09eDBAD/PUBg1000.00l2o809.93352 JAIpEN-118543r2023-01-10 00:00:00s2022-12-26t1v1000.00yEN